Sports Quiz

Random Sports or Tennis Quiz

Australian Open Men's Seeds (Since 2001) Quiz Stats

 Plays Quiz Updated Jan 8, 2019

Challenge
Share
Tweet
Embed
Score 0/288 Timer 08:00
0 Plays Today
Seed player % Correct
2018Roger Federer
98.8%
2002Roger Federer
98.1%
2003Roger Federer
98.1%
2004Roger Federer
98.1%
2005Roger Federer
98.1%
2006Roger Federer
98.1%
2007Roger Federer
98.1%
2008Roger Federer
98.1%
2009Roger Federer
98.1%
2010Roger Federer
98.1%
2011Roger Federer
98.1%
2012Roger Federer
98.1%
2013Roger Federer
98.1%
2014Roger Federer
98.1%
2007Rafael Nadal
97.8%
2008Rafael Nadal
97.8%
2009Rafael Nadal
97.8%
2010Rafael Nadal
97.8%
2011Rafael Nadal
97.8%
2012Rafael Nadal
97.8%
2014Rafael Nadal
97.8%
2015Roger Federer
97.3%
2018Rafael Nadal
96.9%
2015Rafael Nadal
96.7%
2017Rafael Nadal
96.4%
2016Roger Federer
96.3%
2016Rafael Nadal
95.8%
2007Novak Djokovic
94.5%
2008Novak Djokovic
94.5%
2009Novak Djokovic
94.5%
2010Novak Djokovic
94.5%
2011Novak Djokovic
94.5%
2012Novak Djokovic
94.5%
2013Novak Djokovic
94.5%
2014Novak Djokovic
94.5%
2007Andy Murray
94.4%
2008Andy Murray
94.4%
2009Andy Murray
94.4%
2010Andy Murray
94.4%
2011Andy Murray
94.4%
2012Andy Murray
94.4%
2013Andy Murray
94.4%
2014Andy Murray
94.4%
2015Novak Djokovic
93.6%
2015Andy Murray
93.4%
2018Novak Djokovic
93.2%
2017Andy Murray
92.8%
2016Andy Murray
92.6%
2016Novak Djokovic
92.3%
2017Novak Djokovic
91.8%
2002Andy Roddick
85.3%
2003Andy Roddick
85.3%
2004Andy Roddick
85.3%
2005Andy Roddick
85.3%
2006Andy Roddick
85.3%
2007Andy Roddick
85.3%
2008Andy Roddick
85.3%
2009Andy Roddick
85.3%
2010Andy Roddick
85.3%
2011Andy Roddick
85.3%
2012Andy Roddick
85.3%
2005Andre Agassi
84.3%
2001Andre Agassi
84.3%
2003Andre Agassi
84.3%
2004Andre Agassi
84.3%
2001Pete Sampras
83.3%
2002Pete Sampras
83.3%
2018Juan Martin del Potro
82.1%
2018Stan Wawrinka
82.1%
2010David Ferrer
82%
2011David Ferrer
82%
2012David Ferrer
82%
2013David Ferrer
82%
2006David Ferrer
82%
2007David Ferrer
82%
2008David Ferrer
82%
2009David Ferrer
82%
2014David Ferrer
81.9%
2015Stanislas Wawrinka
81.8%
2017Stanislas Wawrinka
81%
2016Stanislas Wawrinka
80.8%
2018Jo-Wilfried Tsonga
80.2%
2015David Ferrer
79.5%
2001Lleyton Hewitt
79%
2002Lleyton Hewitt
79%
2003Lleyton Hewitt
79%
2004Lleyton Hewitt
79%
2005Lleyton Hewitt
79%
2006Lleyton Hewitt
79%
2016Jo-Wilfried Tsonga
77.4%
2017Jo-Wilfried Tsonga
77.4%
2009Stanislas Wawrinka
77.3%
2013Stanislas Wawrinka
77.3%
2014Stanislas Wawrinka
77.3%
2009Juan Martin del Potro
76.7%
2010Juan Martin del Potro
76.7%
Seed player % Correct
2012Juan Martin del Potro
76.7%
2013Juan Martin del Potro
76.7%
2016David Ferrer
76.6%
2014Juan Martin del Potro
76.5%
2009Jo-Wilfried Tsonga
76.5%
2010Jo-Wilfried Tsonga
76.5%
2011Jo-Wilfried Tsonga
76.5%
2012Jo-Wilfried Tsonga
76.5%
2013Jo-Wilfried Tsonga
76.5%
2014Jo-Wilfried Tsonga
76.3%
2017Kei Nishikori
76.1%
2018Kevin Anderson
75.9%
2015Kei Nishikori
75.9%
2016Kei Nishikori
75.7%
2018John Isner
75.3%
2017Milos Raonic
75.1%
2018Marin Čilić
74.7%
2016Milos Raonic
74.1%
2018Alexander Zverev
73.5%
2015Milos Raonic
73.2%
2015Tomáš Berdych
72.4%
2017Marin Čilić
71.7%
2018Grigor Dimitrov
71%
2016Marin Čilić
70.7%
2016Tomáš Berdych
70.6%
2017Tomáš Berdych
70.6%
2017Gaël Monfils
70.2%
2007Tomáš Berdych
69.6%
2008Tomáš Berdych
69.6%
2011Tomáš Berdych
69.6%
2012Tomáš Berdych
69.6%
2013Tomáš Berdych
69.6%
2014Tomáš Berdych
69.4%
2018Dominic Thiem
68.5%
2016John Isner
67.4%
2017Grigor Dimitrov
65.5%
2012John Isner
65.2%
2014John Isner
65%
2013Kei Nishikori
64.2%
2017Dominic Thiem
64%
2014Kei Nishikori
63.9%
2013Milos Raonic
63.5%
2014Milos Raonic
63.3%
2001Marat Safin
63.3%
2002Marat Safin
63.3%
2003Marat Safin
63.3%
2005Marat Safin
63.3%
2015Grigor Dimitrov
63.1%
2009Gaël Monfils
62.4%
2010Gaël Monfils
62.4%
2011Gaël Monfils
62.4%
2012Gaël Monfils
62.4%
2018David Goffin
61.1%
2017David Goffin
60.2%
2001Tim Henman
60.1%
2002Tim Henman
60.1%
2004Tim Henman
60.1%
2005Tim Henman
60.1%
2016Kevin Anderson
59.3%
2015Kevin Anderson
59.2%
2006Richard Gasquet
59.1%
2008Richard Gasquet
59.1%
2013Richard Gasquet
59.1%
2014Richard Gasquet
58.9%
2016David Goffin
58.8%
2010Marin Čilić
56.8%
2011Marin Čilić
56.8%
2013Marin Čilić
56.8%
2017Nick Kyrgios
56.5%
2016Gilles Simon
54.4%
2001Gustavo Kuerten
54.2%
2002Gustavo Kuerten
54.2%
2002Tommy Haas
53.8%
2005Tommy Haas
53.8%
2007Tommy Haas
53.8%
2014Tommy Haas
53.4%
2007James Blake
53%
2008James Blake
53%
2009James Blake
53%
2003David Nalbandian
52.4%
2004David Nalbandian
52.4%
2005David Nalbandian
52.4%
2006David Nalbandian
52.4%
2007David Nalbandian
52.4%
2008David Nalbandian
52.4%
2009David Nalbandian
52.4%
2009Robin Söderling
52%
2010Robin Söderling
52%
2011Robin Söderling
52%
2015Fabio Fognini
51.9%
2006Nikolay Davydenko
51.9%
2007Nikolay Davydenko
51.9%
2008Nikolay Davydenko
51.9%
2010Nikolay Davydenko
51.9%
2015Ernests Gulbis
51.7%
2018Sam Querrey
50.6%
Seed player % Correct
2015Feliciano Lopez
49.1%
2007Marcos Baghdatis
49.1%
2008Marcos Baghdatis
49.1%
2018Jack Sock
48.8%
2009Gilles Simon
48.6%
2012Gilles Simon
48.6%
2013Gilles Simon
48.6%
2011Mardy Fish
48.1%
2012Mardy Fish
48.1%
2001Juan Carlos Ferrero
47.7%
2003Juan Carlos Ferrero
47.7%
2004Juan Carlos Ferrero
47.7%
2006Juan Carlos Ferrero
47.7%
2017Roberto Bautista Agut
45.1%
2001Yevgeny Kafelnikov
44.7%
2002Yevgeny Kafelnikov
44.7%
2016Bernard Tomic
44.5%
2009Fernando Verdasco
44.4%
2010Fernando Verdasco
44.4%
2011Fernando Verdasco
44.4%
2014Fabio Fognini
43.5%
2003Fernando González
43.3%
2006Fernando González
43.3%
2007Fernando González
43.3%
2008Fernando González
43.3%
2009Fernando González
43.3%
2010Fernando González
43.3%
2012Janko Tipsarević
43%
2013Janko Tipsarević
43%
2017Lucas Pouille
42.9%
2001Patrick Rafter
41.9%
2002Carlos Moyà
41.6%
2003Carlos Moyà
41.6%
2005Carlos Moyà
41.6%
2008Carlos Moyà
41.6%
2018Pablo Carreño Busta
40.7%
2015Tommy Robredo
39.4%
2005Mikhail Youzhny
39.2%
2008Mikhail Youzhny
39.2%
2011Mikhail Youzhny
39.2%
2014Mikhail Youzhny
38.8%
2002Goran Ivanišević
37%
2011Nicolás Almagro
35.6%
2012Nicolás Almagro
35.6%
2013Nicolás Almagro
35.6%
2005Tommy Robredo
35.3%
2006Tommy Robredo
35.3%
2007Tommy Robredo
35.3%
2008Tommy Robredo
35.3%
2010Tommy Robredo
35.3%
2006Ivan Ljubičić
33.4%
2007Ivan Ljubičić
33.4%
2002Thomas Johansson
32.9%
2006Thomas Johansson
32.9%
2005Joachim Johansson
32.8%
2011Jürgen Melzer
32.8%
2004Guillermo Coria
31.6%
2005Guillermo Coria
31.6%
2006Guillermo Coria
31.6%
2012Alexandr Dolgopolov
30.8%
2005Gastón Gaudio
30.4%
2006Gastón Gaudio
30.4%
2010Radek Štěpánek
29.5%
2013Juan Mónaco
28.8%
2007Mario Ančić
28.6%
2001Sébastien Grosjean
28.2%
2002Sébastien Grosjean
28.2%
2003Sébastien Grosjean
28.2%
2004Sébastien Grosjean
28.2%
2005Sébastien Grosjean
28.2%
2015Roberto Bautista Agut
26.9%
2004Mark Philippoussis
26.4%
2001Magnus Norman
25.3%
2003Albert Costa
24.5%
2001Cédric Pioline
21.2%
2001Arnaud Clément
21.1%
2002Arnaud Clément
21.1%
2002Àlex Corretja
20.3%
2003Àlex Corretja
20.3%
2001Dominik Hrbatý
20.1%
2006Dominik Hrbatý
20.1%
2004Rainer Schüttler
19.6%
2001Wayne Ferreira
18.7%
2003Paradorn Srichaphan
18.6%
2004Paradorn Srichaphan
18.6%
2004Nicolás Massú
18.6%
2002Guillermo Cañas
18.5%
2003Guillermo Cañas
18.5%
2005Guillermo Cañas
18.5%
2003Jiří Novák
18%
2004Jiří Novák
18%
2003Sjeng Schalken
16.1%
2004Sjeng Schalken
16.1%
2006Robby Ginepri
13.4%
2004Martin Verkerk
13%
2001Franco Squillari
8.6%

You're not logged in!

Compare scores with friends on all Sporcle quizzes.
OR
Log In

You Might Also Like...

Show Comments

Extras

Top Quizzes Today


Score Distribution

Your Account Isn't Verified!

In order to create a playlist on Sporcle, you need to verify the email address you used during registration. Go to your Sporcle Settings to finish the process.

Report this User

Report this user for behavior that violates our Community Guidelines.

Details: